Normal view
MARC view
- Sanitary engineering
Entry Topical Term
001 - CONTROL NUMBER
- control field: 6094
003 - CONTROL NUMBER IDENTIFIER
- control field: NUST
005 - DATE AND TIME OF LATEST TRANSACTION
- control field: 20171107120917.0
008 - FIXED-LENGTH DATA ELEMENTS
- fixed length control field: 171107|| aca||aabn | a|a d
040 ## - CATALOGING SOURCE
- Original cataloging agency: NUST
- Transcribing agency: NUST
150 ## - HEADING--TOPICAL TERM
- Topical term or geographic name entry element: Sanitary engineering
- General subdivision: Dictionaries.
670 ## - SOURCE DATA FOUND
- Source citation: Work cat.: (NUST)0: Porteous, Andrew. 6092, Dictionary of environmental science and technology /, c1996.
